| 000 | 00746nam a2200229Ia 4500 | ||
|---|---|---|---|
| 003 | OSt | ||
| 005 | 20250217093907.0 | ||
| 008 | 210716s2003 xx 000 0 und d | ||
| 020 | _a763724637 | ||
| 040 | _cAIMIT LIBRARY | ||
| 041 | _aeng | ||
| 082 |
_a006.671 _21 _bDALN |
||
| 100 |
_aDale, Nell. _9200156 |
||
| 245 |
_aLaboratory course for programming with java / _cBy Nell Dale. |
||
| 250 | _a1st ed. | ||
| 260 |
_aBoston : _bJones and Bartlett Publishers , _c2003. |
||
| 300 |
_axi,311p. ; _bPB _c28 cm |
||
| 650 |
_aJava syntax and semantics classes and objects _9200157 |
||
| 650 |
_aInheritance polymorphism and scope _9200158 |
||
| 650 |
_aAdditional control structures and exceptions _9200159 |
||
| 942 |
_2ddc _cBK _e1st _k006.671 DALN |
||
| 999 |
_c189199 _d189199 |
||